000
00299nam a2200133Ia 4500
005
20260328104329.0
008
260328s9999||||xx |||||||||||||| ||und||
100
_a
Vidler, Anthony
245
0
_a
Ledoux /
_c
Anthony Vidler
260
_b
Akal
300
_a
155 p.
650
_a
HISTORIA
942
_c
BK
999
_c
11657
_d
11657